000 00471nam a22001817a 4500
005 20250404174827.0
008 250404b |||||||| |||| 00| 0 eng d
020 _a9781529791501
041 _aeng
082 _a658.8 BRE
100 _aBrennan, Ross
245 _aBusiness To Business Marketing
250 _a6th
260 _aLondon
_bsage
_c2024
300 _a412:. pages 24 cm
650 _aIndustrial Marketing; Industrial Marketing Management.
942 _cBK
999 _c43578
_d43578